LDR 00758naa#a2200169#i#450# 001 EN\\bibl\126921 005 20260703012232.5 011 ## _a2227-1171 100 ## _a20260630b2026####ek#y0engy0150####ca 102 ## _aRU 200 1# _aTHE PHENOMENON OF "SHADOW ENTREPRENEURSHIP": PERSONALITY TRAITS OF A CRIMINAL WHO COMMITS CRIMES RELATED TO THE ILLEGAL USE OF DOCUMENTS IN BUSINESS ACTIVITIES _eJournal article 210 1# _aKazan _cKazan law institute Ministry of Internal Affairs Russian Federation _d2026 215 ## _a6 с. 608 ## _aJournal article _2local 675 ## _aУголовное право. Уголовное судопроизводство. Криминология. Криминалистика. 343 _z 700 #1 _aNazmeeva _gLeysan R. 856 4# _avestnikkui.ru _u